000 00344nam a2200133Ia 4500
008 240624s9999 xx 000 0 und d
041 _aeng
082 _a330.01 REN
100 _aRENSHAW GEOFF
245 _aMATHS FOR EONOMICS
260 _c2009
_aNew Delhi
_bOxford University press
300 _axxiv, : 637 : p. : cm. ; 26
365 _cRS
_b30
999 _c14626
_d14626